Statistics for 2019-2020 Carolina Panthers Current Roster

Click here to take the quiz!

General Stats

  • This quiz has been taken 81 times
  • The average score is 17 of 38

Answer Stats

HintAnswer% Correct
QBCam Newton
98%
QBKyle Allen
93%
WRDJ Moore
85%
TEGreg Olsen
81%
WRCurtis Samuel
76%
QBWill Grier
73%
LBLuke Kuechly
69%
CoachRon Rivera
69%
KGraham Gano
66%
CBDonte Jackson
61%
CBJames Bradberry
54%
RBChristian McCaffery
53%
LBShaq Thompson
53%
DEBrian Burns
47%
DTKawaan Short
47%
SSEric Reid
47%
TEIan Thomas
42%
OLTrai Turner
41%
FSTre Boston
39%
DEMario Addison
34%
LBAndre Smith
32%
WRTorrey Smith
32%
TEChris Manhertz
32%
OLMatt Paradis
32%
DTDontari Poe
31%
WRJarius Wright
31%
OLDaryl Williams
31%
WRChris Hogan
29%
PMichael Palardy
29%
OLTaylor Moton
27%
LSJJ Jansen
22%
DTKyle Love
22%
CBRoss Cockrell
20%
OLGreg Van Roten
19%
CBCorn Elder
19%
DEBruce Irvin
15%
RBJordan Scarlett
12%
CBKevon Seymour
2%

Score Distribution

Percentile by Number Answered

Percent of People with Each Score

Your Score History

You have not taken this quiz